000 004820000a22001810004500
003 MACL
005 20151021121317.0
008 151021b xxu||||| |||| 00| 0 eng d
040 _aMACL
_cMACL
041 _aEnglish
082 _a954/BAN
100 _aBanerjee, Gouri Sankar
_916161
245 _aAdis Of Arunachal
_bA Chapter In The Social History Of North East India
260 _bBest Books
_c2008
_aKolkata
350 _a250
650 _aHistory
_916162
942 _cBK
_k954
_2ddc
999 _c8160
_d8160